000 nam a22 7a 4500
999 _c53737
_d53737
003 OSt
005 20220725161915.0
008 220725b xxu||||| |||| 00| 0 eng d
040 _cIIMT UNIVERSITY MEERUT
100 _aPARHELL, NULL-C
245 _aNETWORK ADMINISTRATOR'S REF -1st
260 _bTMH
300 _a748
942 _2ddc
_c09